| 000 | 00752nam a2200265Ia 4500 | ||
|---|---|---|---|
| 001 | dia_95 | ||
| 003 | CHAP | ||
| 005 | 20221207114218.0 | ||
| 008 | 220117s2000 xx 000 0 und d | ||
| 010 | _a170526 | ||
| 020 | _a970-15-0452-6 | ||
| 040 | _cCHAP | ||
| 082 | _a519.5 P7 | ||
| 100 |
_aPrat Bartes, Albert _991305 |
||
| 245 |
_aMétodos estadísticos : control y mejora de la calidad / _c por Albert Prat Bartes...[et al.] |
||
| 260 |
_aMéxico : _b Alfaomega, _c2000 |
||
| 300 | _a300 p. | ||
| 503 | _aI.207342 | ||
| 650 |
_aCalidad, Control de la _9147151 |
||
| 650 |
_aEstadística _938241 |
||
| 901 | _a519.5 P7 | ||
| 902 | _aM | ||
| 905 | _a0000002000 mx X 0000000000spa00 | ||
| 942 |
_cLIBRO _2ddc |
||
| 999 |
_c170526 _d170526 |
||